Tarifní soudržnost : metodika /

Hlavní autor: Velikovská, Pavlína
Další autoři: Andelek, Michal, Prokeš, Petr, Švédová, Zuzana, Šenk, Petr, Dokoupil, Bohuslav
Jazyk: Čeština
Vydáno: Brno : Centrum dopravního výzkumu, 2016
Témata:
Fyzický popis: 44 stran ; 30 cm
Knihy
Uloženo v:
LEADER 02004nam a2200517 i 4500
001 nkc20162840448
003 CZ PrNK
005 20170228122623.0
007 ta
008 161025s2016 xr f 000 0 cze
015 |a cnb002840448 
020 |a 978-80-88074-39-7  |q (kroužková vazba) 
035 |a (OCoLC)965748021 
040 |a ABA001  |b cze  |e rda 
043 |a e-xr--- 
072 7 |a 656.2  |x Železniční doprava  |2 Konspekt  |9 4 
080 |a 656.03  |2 MRF 
080 |a 656.2  |2 MRF 
080 |a (437.3)  |2 MRF 
080 |a (083.744)  |2 MRF 
100 1 |a Velikovská, Pavlína  |7 jo2017944096  |4 aut 
245 1 0 |a Tarifní soudržnost :  |b metodika /  |c autoři: Pavlína Velikovská, Michal Andelek, Petr Prokeš, Zuzana Švédová, Petr Šenk, Bohuslav Dokoupil 
246 3 |a Metodika Tarifní soudržnost 
264 1 |a Brno :  |b Centrum dopravního výzkumu,  |c 2016 
300 |a 44 stran ;  |c 30 cm 
336 |a text  |b txt  |2 rdacontent 
337 |a bez média  |b n  |2 rdamedia 
338 |a svazek  |b nc  |2 rdacarrier 
504 |a Obsahuje bibliografii, bibliografické odkazy a přehled souvisejících právních předpisů 
650 0 7 |a dopravní tarify  |7 ph119577  |z Česko  |2 czenas 
650 0 7 |a železniční doprava  |7 ph127919  |z Česko  |2 czenas 
650 0 9 |a transportation tariffs  |z Czechia  |2 eczenas 
650 0 9 |a railroad transportation  |z Czechia  |2 eczenas 
655 7 |a certifikované metodiky  |7 fd806827  |2 czenas 
655 9 |a certified methodology  |2 eczenas 
700 1 |a Andelek, Michal  |4 aut 
700 1 |a Prokeš, Petr  |4 aut 
700 1 |a Švédová, Zuzana  |7 jo2014832809  |4 aut 
700 1 |a Šenk, Petr  |7 ola2012726793  |4 aut 
700 1 |a Dokoupil, Bohuslav  |7 jo2016897840  |4 aut 
910 2 |a BOA001  |b 4-1376.733 
990 |a BK 
995 |a 01 
991 |b 201611  |c NOV 
996 6 |b 2610687706  |c 4-1376.733  |l MZK  |r Sklad / do 1 hodiny  |n 0  |p p.v.  |w 001586940  |u 000010  |a 1  |e BOA001  |j MZK50  |s P 
996 7 |b 2610687707  |c 4-1376.733  |l MZK  |r Sklad / do 1 hodiny  |n 0  |p p.v.  |w 001586940  |u 000020  |a 1  |e BOA001  |j MZK50  |s A